Pas-de-Calais - mort subite - Statistiques

Statistiques générales
  • Ce quiz a été pris 53 fois
  • Le résultat moyen est 5 sur 18
Answers on the Grid
Answers color-coded by a green-red scale on the quiz's grid according to % correct below.
Armentières
Cap Gris-Nez
Cambrai
Haarlemmermeer
Vitry-en-Artois
Loos-en-Gohelle
Un service d'aéroglisseur
Quœux-Haut-Maînil
Mazingarbe
Douai
Wingles
Boulogne-sur-Mer
Louvain
Amersfoort
Leeuwarden
Wilwerdange
Lens
Le Touquet
Valenciennes
Saint-Omer
Wattrelos
Béthune
Nausicaá
Zaanstad
Une équipe qui ont été champions de France
Malines
Bapaume
Saint-Nicolas (Sint-Niklaas)
Ruminghem
Ecquedecques
La Louvière
Nuncq-Hautecôte
Arras
Zoetermeer
Alost
Berck
 
Statistiques - réponses
Réponse % Correct
Cap Gris-Nez
71%
Boulogne-sur-Mer
50%
Lens
50%
Le Touquet
50%
Saint-Omer
47%
Arras
44%
Vitry-en-Artois
41%
Le plus grand aquarium d'Europe Nausicaá
38%
Berck
32%
Béthune
32%
Loos-en-Gohelle
26%
Bapaume
18%
Ecquedecques
15%
Mazingarbe
15%
Wingles
15%
Quœux-Haut-Maînil
3%
Nuncq-Hautecôte
0%
Ruminghem
0%
Aucun quiz correspondant
Distribution des résultats
% des personnes avec chaque résultat
Percentile par nombre de réponses
Votre historique - résultats
Vous n’avez pas pris ce quiz